000
00300nam a22001457a 4500
003
SGT
082
_a
616
_b
R08D
100
_a
DHAYANI, SHIVACHARAN
245
_a
ROGA VINISCHAYA
250
_a
3RD
260
_a
DELHI
_b
CHAUKHAMBHA PUB
_c
2008
300
_a
201
650
_a
AYURVEDA
942
_2
ddc
_c
BK
999
_c
11366
_d
11366